Secuestrado por un nazi del siglo XXI: Los que quedan aún corren peligro. El terror sigue vivo (Record no. 24399)

MARC details
000 -LEADER
campo de control de longitud fija 00436nam a2200121Ia 4500
008 - DATOS DE LONGITUD FIJA--INFORMACIÓN GENERAL
campo de control de longitud fija 231129s9999||||xx |||||||||||||| ||spa||
020 ## - NÚMERO INTERNACIONAL ESTÁNDAR DEL LIBRO
Número Internacional Estándar del Libro 978-958-48-0142-5
082 ## - NÚMERO DE LA CLASIFICACIÓN DECIMAL DEWEY
Número de clasificación 920.71 P298s
100 ## - ENTRADA PRINCIPAL--NOMBRE DE PERSONA
Nombre de persona Patiño Muñoz Antonio
245 #0 - MENCIÓN DEL TÍTULO
Título Secuestrado por un nazi del siglo XXI: Los que quedan aún corren peligro. El terror sigue vivo
264 ## - PRODUCCIÓN, PUBLICACIÓN, DISTRIBUCIÓN, FABRICACIÓN Y COPYRIGHT
Producción, publicación, distribución, fabricación y copyright Pereira Colombia : Klepsidra Editores
942 ## - ELEMENTOS DE ENTRADA SECUNDARIOS (KOHA)
Fuente del sistema de clasificación o colocación Clasificación Decimal Dewey
Tipo de ítem Koha
Holdings
Estatus retirado Estado de pérdida Fuente del sistema de clasificación o colocación Estado de daño No para préstamo Biblioteca de origen Biblioteca actual Fecha de adquisición Total de préstamos Signatura topográfica completa Código de barras Visto por última vez Fecha del último préstamo Copia número Precio de reemplazo Tipo de ítem Koha
    Clasificación Decimal Dewey     BIBLIOTECA PÚBLICA MUNICIPAL RAMON CORREA MEJIA BIBLIOTECA PÚBLICA MUNICIPAL RAMON CORREA MEJIA 08/08/2018 1 920.71 P298s 41106 30/01/2024 03/01/2024 1 29/11/2023 Libros

Powered by Koha